000 00597nam a22001937a 4500
999 _c9376
_d9376
003 AR-CdUCM
008 190327b ||||| |||| 00| 0 spa d
020 _a978-612-4299-55-1
040 _aMUNICIPALIDAD PROVINCIAL DEL CUSCO
_cBIBLIOTECA MUNICIPAL DEL CUSCO
082 _23 ed.
_aPI-0045 /
_bCOR / por
100 _aCornejo, Eulalia
_925529
245 _aPorque existe tú /
260 _aLima :
_bSantillana,
_c2015.
300 _a26 páginas ;
_bilustraciones a color,
_c19 cm.
650 _aCuentos peruanos infantiles
_925530
650 _aSiglo XX
_98
942 _2ddc
_cLIBROS
945 _araen